000 00191nam a22000857a 4500
008 161122b xxu||||| |||| 00| 0 eng d
100 _91317
_aHarlourt
245 _aMathematics
260 _aUSA
_c2002
999 _c4030
_d4030